Pedagogy and the practice of science : (Record no. 22374)

MARC details
000 -LEADER
fixed length control field 00399cam a22001694a 4500
020 ## - INTERNATIONAL STANDARD BOOK NUMBER
ISBN 0262112884
082 00 - DEWEY DECIMAL CLASSIFICATION NUMBER
Classification number 507.11
Author Cutter KAI
245 00 - TITLE STATEMENT
Title Pedagogy and the practice of science :
260 ## - PUBLICATION, DISTRIBUTION, ETC. (IMPRINT)
Place of publication Cambridge, Ma :
Name of publisher MIT Press,
Year of publication 2005.
300 ## - PHYSICAL DESCRIPTION
Number of Pages vi, 426 p. :
Other physical details ill. ;
650 #0 - SUBJECT ADDED ENTRY--TOPICAL TERM
Topical Term Science
650 #0 - SUBJECT ADDED ENTRY--TOPICAL TERM
Topical Term Science
650 #0 - SUBJECT ADDED ENTRY--TOPICAL TERM
Topical Term Science
650 #0 - SUBJECT ADDED ENTRY--TOPICAL TERM
Topical Term Science
942 ## - ADDED ENTRY ELEMENTS (KOHA)
Koha item type Books
700 1# -
-- Kaiser, David.
Holdings
Home library Current library Shelving location Date acquired Full call number Accession Number Koha item type
Henry Martyn Institute Library Henry Martyn Institute Library General stacks 10/24/2018 507.11 KAI 11-3752 Books
                   Copyright © 2026 | Henry Martyn Institute | Hyderabad | TS-500052 | INDIA | Implemented by hmi.edu.in
Hit-Count:

Powered by Koha